[Event "Novokuznetsk (Women)"]
[Site "Novokuznetsk"]
[Date "2016.08.11"]
[Round "3"]
[White "Kosheparova, Tatiana"]
[Black "Zhylkaidarova, Sholpan"]
[Result "0-1"]
[WhiteElo "1854"]
[BlackElo "2136"]
[PlyCount "78"]
[EventDate "2016.08.09"]
[EventType "tourn"]
[EventRounds "9"]
[EventCountry "RUS"]
[SourceTitle "EXT 2018"]
[Source "ChessBase"]
[SourceDate "2017.10.13"]
[SourceVersion "1"]
[SourceVersionDate "2017.10.13"]
[SourceQuality "1"]

1. e4 e6 2. d4 d5 3. Nd2 Nf6 4. Bd3 c5 5. c3 cxd4 6. cxd4 dxe4 7. Nxe4 Bb4+ 8. Nc3 Nc6 9. Nf3 0-0 10. 0-0 Be7 11. a3 b6 12. Re1 Bb7 13. Bc2 Rc8 14. Qd3 g6 15. h4 Qd6 16. Bg5 Rfd8 17. Rad1 Kg7 18. Bb3 h6 19. Bc1 Na5 20. Ba2 Qc6 21. d5 Qc5 22. Na4 Qc7 23. Qe3 Bxd5 24. Qxh6+ Kg8 25. Bxd5 Rxd5 26. Rxd5 exd5 27. Nc3 Rd8 28. Ne5 Bf8 29. Qg5 Bg7 30. Bf4 Qc8 31. h5 Nxh5 32. Nxg6 fxg6 33. Nxd5 Kh7 34. Ne7 Qc2 35. Re3 Rd1+ 36. Kh2 Qb1 37. Kh3 Rh1+ 38. Kg4 Qd1+ 39. f3 Qd7+ 0-1

[Event "Novokuznetsk-ch"]
[Site "Novokuznetsk"]
[Date "2014.11.22"]
[Round "2"]
[White "Kosheparova, Tatiana"]
[Black "Chistyakov, Nikita"]
[Result "1-0"]
[WhiteElo "2089"]
[BlackElo "1998"]
[PlyCount "101"]
[EventDate "2014.11.16"]
[EventType "swiss"]
[EventRounds "9"]
[EventCountry "RUS"]
[SourceTitle "EXT 2016"]
[Source "ChessBase"]
[SourceDate "2015.10.08"]
[SourceVersion "1"]
[SourceVersionDate "2015.10.08"]
[SourceQuality "1"]

1. e4 g6 2. d4 Bg7 3. Nc3 d6 4. f4 a6 5. Be3 b5 6. e5 Bb7 7. Qd3 Nh6 8. h3 Nf5 9. Bf2 Nd7 10. Nf3 e6 11. Be2 c5 12. g4 Nxd4 13. Bxd4 cxd4 14. Ne4 Bxe4 15. Qxe4 dxe5 16. fxe5 0-0 17. h4 Qc7 18. h5 Nxe5 19. Nxd4 Rad8 20. 0-0-0 Qc5 21. hxg6 hxg6 22. Kb1 Rd6 23. g5 Rfd8 24. c3 Nc4 25. Qh4 Kf8 26. Qh7 Bxd4 27. cxd4 Qf5+ 28. Bd3 Qxg5 29. Rhf1 R6d7 30. Bxg6 Nd6 31. Rde1 Ke7 32. Bxf7 Nxf7 33. Qxf7+ Kd6 34. Qxe6+ Kc7 35. Qxa6 Qd5 36. Rc1+ Kb8 37. Rc5 Qe4+ 38. Ka1 Rb7 39. Rxb5 Rxb5 40. Qxb5+ Qb7 41. Qxb7+ Kxb7 42. Rd1 Kb6 43. d5 Kc5 44. a4 Ra8 45. b3 Kb4 46. Kb2 Re8 47. Rd3 Re2+ 48. Kc1 Kc5 49. d6 Re8 50. d7 Rd8 51. Kc2 1-0

[Event "Novokuznetsk SFO-ch U17 Girls"]
[Site "Novokuznetsk"]
[Date "2014.11.10"]
[Round "9"]
[White "Kosheparova, Tatiana"]
[Black "Marjina, Arina"]
[Result "1-0"]
[WhiteElo "2089"]
[BlackElo "1993"]
[PlyCount "89"]
[EventDate "2014.11.02"]
[EventType "swiss"]
[EventRounds "9"]
[EventCountry "RUS"]
[SourceTitle "CBM 163 Extra"]
[Source "ChessBase"]
[SourceDate "2014.12.23"]
[SourceVersion "1"]
[SourceVersionDate "2014.12.23"]
[SourceQuality "1"]

1. e4 c5 2. Nf3 d6 3. d4 cxd4 4. Nxd4 Nf6 5. Nc3 a6 6. Be3 e5 7. Nb3 Be7 8. f3 Be6 9. Qd2 0-0 10. 0-0-0 Nbd7 11. g4 b5 12. g5 b4 13. Ne2 Ne8 14. f4 a5 15. f5 a4 16. fxe6 axb3 17. cxb3 fxe6 18. Bh3 Nc7 19. Kb1 Ra6 20. Nc1 d5 21. g6 d4 22. Bh6 hxg6 23. Rhg1 Qe8 24. Bg5 Nf6 25. Qg2 Bd6 26. Rdf1 Kh7 27. Qg3 Nh5 28. Qg4 Nf4 29. Rg3 Nh5 30. Rgg1 Rxf1 31. Bxf1 Ra8 32. Nd3 Qf7 33. Be2 Ne8 34. Qh4 Kg8 35. Rf1 Qa7 36. Nc1 Nf4 37. Bc4 Nc7 38. Bxf4 exf4 39. Qg4 Re8 40. Qxg6 Qa5 41. Nd3 f3 42. Rxf3 Rf8 43. Bxe6+ Nxe6 44. Qxe6+ Kh8 45. Rh3+ 1-0

[Event "Novokuznetsk SFO-ch U17 Girls"]
[Site "Novokuznetsk"]
[Date "2014.11.08"]
[Round "7"]
[White "Kosheparova, Tatiana"]
[Black "Feofilova, Elizaveta"]
[Result "1-0"]
[WhiteElo "2089"]
[BlackElo "1711"]
[PlyCount "69"]
[EventDate "2014.11.02"]
[EventType "swiss"]
[EventRounds "9"]
[EventCountry "RUS"]
[SourceTitle "CBM 163 Extra"]
[Source "ChessBase"]
[SourceDate "2014.12.23"]
[SourceVersion "1"]
[SourceVersionDate "2014.12.23"]
[SourceQuality "1"]

1. e4 e6 2. d4 d5 3. e5 c5 4. c3 Nc6 5. Nf3 Bd7 6. Be2 f6 7. 0-0 fxe5 8. Nxe5 Nxe5 9. dxe5 Qc7 10. c4 0-0-0 11. Bf4 d4 12. b4 h6 13. Re1 g5 14. Bg3 Bg7 15. Bf3 Ne7 16. bxc5 Nf5 17. Nd2 Nxg3 18. hxg3 Bc6 19. Bg4 Qf7 20. Ne4 Bxe4 21. Rxe4 h5 22. Be2 h4 23. gxh4 gxh4 24. c6 h3 25. Bf3 hxg2 26. Kxg2 Rdg8 27. Qxd4 bxc6 28. Qd6 Qd7 29. Rb1 Qxd6 30. exd6 Kd7 31. c5 Rb8 32. Reb4 Rxb4 33. Rxb4 Rc8 34. Rb7+ Kd8 35. Rxg7 1-0

[Event "Novokuznetsk Kustov op"]
[Site "Novokuznetsk"]
[Date "2014.10.25"]
[Round "8"]
[White "Kosheparova, Tatiana"]
[Black "Martjushov, Vasily"]
[Result "1/2-1/2"]
[WhiteElo "1889"]
[BlackElo "2036"]
[PlyCount "82"]
[EventDate "2014.09.28"]
[EventType "swiss"]
[EventRounds "9"]
[EventCountry "RUS"]
[SourceTitle "EXT 2018"]
[Source "ChessBase"]
[SourceDate "2017.10.13"]
[SourceVersion "1"]
[SourceVersionDate "2017.10.13"]
[SourceQuality "1"]

1. e4 e5 2. Nf3 Nc6 3. Bc4 Be7 4. d4 exd4 5. c3 d3 6. Qb3 Nf6 7. Bxf7+ Kf8 8. e5 Ne4 9. Qd5 Ng5 10. Bh5 g6 11. h4 Nf7 12. Bg4 h5 13. Bh3 Kg7 14. Qe4 d5 15. Qf4 Re8 16. e6 Bf6 17. Ng5 Bxe6 18. Nxe6+ Rxe6+ 19. Bxe6 Qe7 20. Qe3 d4 21. Qh3 Re8 22. 0-0 Qxe6 23. Qxe6 Rxe6 24. cxd4 Nxd4 25. Nc3 c6 26. Bd2 c5 27. Rfe1 Ne2+ 28. Kf1 Bxc3 29. Bxc3+ Kg8 30. Rad1 c4 31. Rd2 b5 32. a3 Nd8 33. Bb4 Kf7 34. Rexe2 Rxe2 35. Rxe2 dxe2+ 36. Kxe2 Nc6 37. Ke3 a5 38. Bc5 Ke6 39. Ke4 b4 40. axb4 axb4 41. Bf8 Kf7 1/2-1/2

[Event "Novokuznetsk-ch (Women)"]
[Site "Novokuznetsk"]
[Date "2014.08.31"]
[Round "2"]
[White "Kosheparova, Tatiana"]
[Black "Golovina, Darya"]
[Result "0-1"]
[WhiteElo "1899"]
[BlackElo "2035"]
[PlyCount "62"]
[EventDate "2014.08.30"]
[EventType "swiss"]
[EventRounds "7"]
[EventCountry "RUS"]
[SourceTitle "EXT 2018"]
[Source "ChessBase"]
[SourceDate "2017.10.13"]
[SourceVersion "1"]
[SourceVersionDate "2017.10.13"]
[SourceQuality "1"]

1. e4 d5 2. exd5 Qxd5 3. Nc3 Qa5 4. d4 c6 5. Nf3 Nf6 6. Bc4 Bg4 7. h3 Bh5 8. Bd2 Qc7 9. g4 Bg6 10. Ne5 e6 11. h4 Be4 12. Rh3 Bd5 13. Nxd5 Nxd5 14. Qe2 Bd6 15. 0-0-0 Bxe5 16. dxe5 Nd7 17. f4 0-0 18. g5 b5 19. Bd3 Nc5 20. h5 Nxd3+ 21. Qxd3 Ne7 22. g6 Nf5 23. Rg1 Rfd8 24. gxf7+ Kxf7 25. Qe2 Rd5 26. Be3 Rad8 27. Rh2 Qa5 28. c3 Qxa2 29. Rhg2 Rd1+ 30. Rxd1 Qa1+ 31. Kc2 Nxe3+ 0-1

[Event "Novokuznetsk U21 op"]
[Site "Novokuznetsk"]
[Date "2014.06.18"]
[Round "6"]
[White "Buts, Nikita"]
[Black "Kosheparova, Tatiana"]
[Result "0-1"]
[WhiteElo "1961"]
[BlackElo "1839"]
[PlyCount "88"]
[EventDate "2014.06.15"]
[EventType "swiss"]
[EventRounds "9"]
[EventCountry "RUS"]
[SourceTitle "EXT 2015"]
[Source "ChessBase"]
[SourceDate "2014.11.20"]
[SourceVersion "1"]
[SourceVersionDate "2014.11.20"]
[SourceQuality "1"]

1. d4 d5 2. c4 e6 3. Nf3 c6 4. Qc2 dxc4 5. Qxc4 b5 6. Qb3 Bb7 7. g3 Nf6 8. Bg2 Be7 9. 0-0 0-0 10. Bf4 Qb6 11. Nc3 Nbd7 12. Rfd1 a6 13. e4 c5 14. d5 exd5 15. Nxd5 Nxd5 16. exd5 c4 17. Qc2 Bc5 18. Ng5 g6 19. Ne4 Rfe8 20. Bh6 Bd4 21. Qd2 Bg7 22. Be3 Qc7 23. f4 f5 24. d6 Qc8 25. Nc3 Bxg2 26. Kxg2 Qc6+ 27. Kg1 Nf6 28. Rab1 b4 29. Na4 Qxa4 30. Bc5 Qb5 31. Bxb4 Rab8 32. a3 Qb6+ 33. Qd4 Qxd4+ 34. Rxd4 c3 35. d7 Red8 36. bxc3 a5 37. Rbd1 axb4 38. cxb4 Rb7 39. a4 Rbxd7 40. Rxd7 Rxd7 41. Rb1 Nd5 42. Rd1 Nb6 43. Rxd7 Nxd7 44. b5 Bc3 0-1

[Event "Novokuznetsk U21 op"]
[Site "Novokuznetsk"]
[Date "2014.06.17"]
[Round "4"]
[White "Kuzmichev, Alexander"]
[Black "Kosheparova, Tatiana"]
[Result "0-1"]
[WhiteElo "2135"]
[BlackElo "1839"]
[PlyCount "82"]
[EventDate "2014.06.15"]
[EventType "swiss"]
[EventRounds "9"]
[EventCountry "RUS"]
[SourceTitle "EXT 2015"]
[Source "ChessBase"]
[SourceDate "2014.11.20"]
[SourceVersion "1"]
[SourceVersionDate "2014.11.20"]
[SourceQuality "1"]

1. e4 c5 2. a3 Nc6 3. b4 e5 4. b5 Nd4 5. c3 Ne6 6. Nf3 Qc7 7. Bc4 d6 8. a4 Nf6 9. d3 Be7 10. 0-0 0-0 11. Qb3 h6 12. a5 Bd7 13. Nh4 Nh5 14. b6 Qd8 15. Nf5 axb6 16. Na3 bxa5 17. Qxb7 Rb8 18. Qa7 Ra8 19. Qb7 Rb8 20. Qxb8 Qxb8 21. Nxe7+ Kh7 22. Rb1 Qd8 23. Nf5 Nhf4 24. Nxd6 Qg5 25. g3 Ne2+ 26. Kh1 Qh5 27. g4 Qh3 28. Rg1 Nxg1 29. Kxg1 Qxg4+ 30. Kf1 Qh3+ 31. Ke1 Qg4 32. Rb7 Ba4 33. Bb3 Bxb3 34. Rxb3 Qg1+ 35. Kd2 Qxf2+ 36. Kd1 Qf1+ 37. Kc2 Qe2+ 38. Bd2 a4 39. Rb5 Nf4 40. Nac4 Qxd3+ 41. Kd1 Rd8 0-1

[Event "Novokuznetsk U21 op"]
[Site "Novokuznetsk"]
[Date "2014.06.16"]
[Round "3"]
[White "Kosheparova, Tatiana"]
[Black "Shukan, Mikhail"]
[Result "1/2-1/2"]
[WhiteElo "1839"]
[BlackElo "2043"]
[PlyCount "51"]
[EventDate "2014.06.15"]
[EventType "swiss"]
[EventRounds "9"]
[EventCountry "RUS"]
[SourceTitle "EXT 2015"]
[Source "ChessBase"]
[SourceDate "2014.11.20"]
[SourceVersion "1"]
[SourceVersionDate "2014.11.20"]
[SourceQuality "1"]

1. e4 c6 2. d4 d5 3. Nc3 dxe4 4. Nxe4 Nf6 5. Nxf6+ gxf6 6. c3 Bf5 7. Nf3 e6 8. g3 Bd6 9. Bg2 Nd7 10. 0-0 Qc7 11. Re1 0-0-0 12. b4 Bg4 13. Qb3 Bxf3 14. Bxf3 h5 15. c4 h4 16. Bg2 hxg3 17. hxg3 Rdg8 18. c5 Bxg3 19. fxg3 Rxg3 20. Qb2 Rg4 21. Kf1 Qh2 22. Re4 Rg3 23. Re3 Rg4 24. Re4 Rg3 25. Re3 Rg4 26. Re4 1/2-1/2

[Event "Novokuznetsk Spring op"]
[Site "Novokuznetsk"]
[Date "2014.04.13"]
[Round "5"]
[White "Kosheparova, Tatiana"]
[Black "Spirin, Alexandr"]
[Result "0-1"]
[WhiteElo "1893"]
[BlackElo "1972"]
[PlyCount "62"]
[EventDate "2014.03.29"]
[EventType "swiss"]
[EventRounds "9"]
[EventCountry "RUS"]
[SourceTitle "EXT 2015"]
[Source "ChessBase"]
[SourceDate "2014.11.20"]
[SourceVersion "1"]
[SourceVersionDate "2014.11.20"]
[SourceQuality "1"]

1. e4 e5 2. Bc4 Nf6 3. d3 c6 4. Nf3 d5 5. exd5 cxd5 6. Bb3 Nc6 7. 0-0 Bg4 8. Bg5 Be7 9. Nc3 d4 10. Bxf6 Bxf6 11. Ne4 0-0 12. h3 Bh5 13. a3 Be7 14. Re1 Qc7 15. Ng3 Bg6 16. Qe2 Bf6 17. h4 h6 18. h5 Bh7 19. Nh2 Rae8 20. Ng4 Bg5 21. Ne4 Kh8 22. Nxg5 hxg5 23. Bd5 f6 24. Rac1 Ne7 25. Ba2 Qd7 26. Nh2 Bf5 27. Qf3 Ng8 28. Bd5 g4 29. Nxg4 Bxg4 30. Qg3 Qxd5 31. Qxg4 Nh6 0-1

[Event "Novokuznetsk Spring op"]
[Site "Novokuznetsk"]
[Date "2014.04.05"]
[Round "3"]
[White "Kosheparova, Tatiana"]
[Black "Buts, Nikita"]
[Result "0-1"]
[WhiteElo "1893"]
[BlackElo "1944"]
[PlyCount "50"]
[EventDate "2014.03.29"]
[EventType "swiss"]
[EventRounds "9"]
[EventCountry "RUS"]
[SourceTitle "EXT 2015"]
[Source "ChessBase"]
[SourceDate "2014.11.20"]
[SourceVersion "1"]
[SourceVersionDate "2014.11.20"]
[SourceQuality "1"]

1. e4 e6 2. d4 d5 3. Nc3 Nf6 4. Bg5 dxe4 5. Nxe4 Nbd7 6. Nf3 h6 7. Bxf6 Nxf6 8. Bd3 c5 9. 0-0 Bd7 10. c3 cxd4 11. Nxd4 Nxe4 12. Bxe4 Qc7 13. f4 0-0-0 14. Qe2 Bd6 15. Kh1 g5 16. a4 gxf4 17. Nb5 Bxb5 18. axb5 Kb8 19. Ra4 Bc5 20. Rc4 Qd6 21. Qf3 Rd7 22. Ra4 Rhd8 23. c4 f5 24. Bc2 Qd2 25. Bb1 Be3 0-1

[Event "Novokuznetsk Kuzbass op"]
[Site "Novokuznetsk"]
[Date "2014.??.??"]
[Round "4"]
[White "Kosheparova, Tatiana"]
[Black "Chemakin, Pavel"]
[Result "1-0"]
[WhiteElo "1893"]
[BlackElo "1854"]
[PlyCount "49"]
[EventDate "2014.08.11"]
[EventType "swiss"]
[EventRounds "9"]
[EventCountry "RUS"]
[SourceTitle "CBM 162 Extra"]
[Source "ChessBase"]
[SourceDate "2014.10.17"]
[SourceVersion "1"]
[SourceVersionDate "2014.10.17"]
[SourceQuality "1"]

1. e4 e6 2. d4 b6 3. Nc3 Bb7 4. f4 Bb4 5. Bd3 f5 6. Qe2 Qh4+ 7. g3 Qe7 8. Nf3 g6 9. Bd2 Bxc3 10. Bxc3 Nf6 11. Nd2 a5 12. a3 h5 13. 0-0-0 c6 14. Rhe1 Rh7 15. exf5 gxf5 16. Bxf5 Rh6 17. Bd3 b5 18. Nb1 Nd5 19. Bd2 Rh8 20. f5 Nc7 21. fxe6 Nxe6 22. Bf5 Bc8 23. d5 cxd5 24. Qxb5 Na6 25. Bxe6 1-0

[Event "Novokuznetsk-ch"]
[Site "Novokuznetsk"]
[Date "2013.12.15"]
[Round "9"]
[White "Strakhov, Andrey"]
[Black "Kosheparova, Tatiana"]
[Result "1/2-1/2"]
[WhiteElo "1984"]
[BlackElo "1891"]
[PlyCount "86"]
[EventDate "2013.11.17"]
[EventType "swiss"]
[EventRounds "9"]
[EventCountry "RUS"]
[SourceTitle "EXT 2015"]
[Source "ChessBase"]
[SourceDate "2014.11.20"]
[SourceVersion "1"]
[SourceVersionDate "2014.11.20"]
[SourceQuality "1"]

1. e4 c5 2. Nf3 d6 3. d4 cxd4 4. Nxd4 Nf6 5. Nc3 Nc6 6. Bb5 Bd7 7. Bxc6 bxc6 8. 0-0 e5 9. Nde2 Be6 10. f4 Qb6+ 11. Kh1 Ng4 12. Qe1 Be7 13. h3 h5 14. Na4 Qa6 15. b3 Nf6 16. Ng1 h4 17. f5 Bd7 18. c4 Nh5 19. Ne2 g6 20. fxg6 fxg6 21. Be3 g5 22. Qd2 Nf4 23. Nxf4 gxf4 24. Bg1 Be6 25. Qc3 Rg8 26. c5 Rg3 27. Rf3 Rxf3 28. Qxf3 0-0-0 29. cxd6 Bxd6 30. Qf2 Rg8 31. Qxa7 Qxa7 32. Bxa7 f3 33. gxf3 Bxh3 34. Kh2 Bg2 35. Rg1 h3 36. Nb6+ Kb7 37. Nc4 Bc7 38. Bc5 Rd8 39. Ne3 Bxf3 40. Kxh3 Rh8+ 41. Kg3 Bxe4 42. Nc4 Bd5 43. Bd6 Bxc4 1/2-1/2

[Event "Novokuznetsk-ch"]
[Site "Novokuznetsk"]
[Date "2013.12.08"]
[Round "7"]
[White "Bochkarev, Semen"]
[Black "Kosheparova, Tatiana"]
[Result "0-1"]
[WhiteElo "1980"]
[BlackElo "1891"]
[PlyCount "70"]
[EventDate "2013.11.17"]
[EventType "swiss"]
[EventRounds "9"]
[EventCountry "RUS"]
[SourceTitle "EXT 2015"]
[Source "ChessBase"]
[SourceDate "2014.11.20"]
[SourceVersion "1"]
[SourceVersionDate "2014.11.20"]
[SourceQuality "1"]

1. e4 c5 2. Nc3 Nc6 3. g3 g6 4. d3 Bg7 5. Be3 d6 6. Qd2 Rb8 7. Bg2 b5 8. Nge2 b4 9. Nd1 Nd4 10. h3 e6 11. c3 bxc3 12. bxc3 Nxe2 13. Kxe2 Qa5 14. g4 f5 15. exf5 exf5 16. Bc6+ Kf7 17. Bd5+ Ke8 18. Bf4 Rb6 19. Qe3+ Kf8 20. Qg3 Ne7 21. Bxd6 Bxc3 22. Nxc3 Qxc3 23. Rhe1 Qd4 24. Bxe7+ Kxe7 25. Qc7+ Kf6 26. Qf7+ Kg5 27. h4+ Kxh4 28. Rh1+ Kg5 29. f4+ Kxf4 30. Raf1+ Kg5 31. Qe7+ Qf6 32. Qe3+ f4 33. Qxc5 Qe5+ 34. Kf2 Rb2+ 35. Kg1 Bb7 0-1

[Event "Novokuznetsk-ch"]
[Site "Novokuznetsk"]
[Date "2013.11.24"]
[Round "3"]
[White "Zavyalov, Mikhail"]
[Black "Kosheparova, Tatiana"]
[Result "1-0"]
[WhiteElo "2165"]
[BlackElo "1891"]
[PlyCount "79"]
[EventDate "2013.11.17"]
[EventType "swiss"]
[EventRounds "9"]
[EventCountry "RUS"]
[SourceTitle "EXT 2015"]
[Source "ChessBase"]
[SourceDate "2014.11.20"]
[SourceVersion "1"]
[SourceVersionDate "2014.11.20"]
[SourceQuality "1"]

1. Nf3 d5 2. d4 c6 3. c4 e6 4. Nbd2 Nf6 5. g3 Bd6 6. Bg2 0-0 7. 0-0 Nbd7 8. Qc2 c5 9. cxd5 exd5 10. b3 Qe7 11. e3 b6 12. Bb2 Ba6 13. Rfe1 Rac8 14. Qf5 Bb7 15. Ne5 Rfe8 16. Ndf3 Bxe5 17. Nxe5 Nxe5 18. dxe5 Ne4 19. Rad1 Red8 20. h4 c4 21. bxc4 Rxc4 22. Ba3 Qe8 23. Rd4 Rxd4 24. exd4 g6 25. Qf4 Qa4 26. Be7 Re8 27. Bf6 Nxf6 28. Qxf6 Qxd4 29. h5 Re6 30. Qd8+ Kg7 31. h6+ Kxh6 32. Qf8+ Kg5 33. Qxf7 Bc8 34. Re4 Qd2 35. Re3 Qd4 36. f4+ Kg4 37. Bh3+ Kxh3 38. Qxh7+ Kg4 39. Qh4+ Kf5 40. Qh3# 1-0

[Event "Kemerovo Region-ch"]
[Site "Kemerovo"]
[Date "2013.10.23"]
[Round "8"]
[White "Kosheparova, Tatiana"]
[Black "Kuznecov, Stanislav"]
[Result "1/2-1/2"]
[WhiteElo "1891"]
[BlackElo "1791"]
[PlyCount "119"]
[EventDate "2013.10.18"]
[EventType "swiss"]
[EventRounds "9"]
[EventCountry "RUS"]
[SourceTitle "EXT 2014"]
[Source "ChessBase"]
[SourceDate "2013.11.20"]
[SourceVersion "1"]
[SourceVersionDate "2013.11.20"]
[SourceQuality "1"]

1. e4 c6 2. d4 d5 3. Nc3 dxe4 4. Nxe4 Bf5 5. Ng3 Bg6 6. N1e2 h6 7. Nf4 Bh7 8. Bc4 Nf6 9. 0-0 e6 10. Re1 Be7 11. Bxe6 g5 12. Ngh5 0-0 13. Bb3 gxf4 14. Bxf4 Nxh5 15. Qxh5 Bg5 16. Be3 Nd7 17. f4 Bf6 18. Qxh6 Bg7 19. Qh3 Nf6 20. f5 Nd5 21. Bf2 Qg5 22. c4 Bxf5 23. Qf3 Nc7 24. Be3 Qg6 25. h3 Ne6 26. Rad1 Rae8 27. d5 cxd5 28. cxd5 Ng5 29. Bxg5 Qxg5 30. d6 Rxe1+ 31. Rxe1 Rd8 32. Re7 Rxd6 33. Rxf7 Be6 34. Rxb7 Qc1+ 35. Kf2 Qxb2+ 36. Qe2 Qf6+ 37. Ke1 Bxb3 38. Rxb3 Re6 39. Re3 Qa1+ 40. Kf2 Rxe3 41. Kxe3 Qe5+ 42. Kd3 Qd5+ 43. Ke3 Bh6+ 44. Kf2 Qf5+ 45. Ke1 Qb1+ 46. Kf2 Qb6+ 47. Kf1 Qf6+ 48. Ke1 Kg7 49. Qg4+ Kf7 50. Qd7+ Qe7+ 51. Qxe7+ Kxe7 52. Ke2 Ke6 53. g3 Ke5 54. Kd3 Kd5 55. h4 Ke5 56. Kc4 Kf5 57. Kb5 Kg4 58. Ka6 Be3 59. a4 Bd4 60. a5 1/2-1/2

[Event "Kemerovo Region-ch"]
[Site "Kemerovo"]
[Date "2013.10.21"]
[Round "5"]
[White "Lykov, Vasili"]
[Black "Kosheparova, Tatiana"]
[Result "0-1"]
[WhiteElo "2065"]
[BlackElo "1891"]
[PlyCount "86"]
[EventDate "2013.10.18"]
[EventType "swiss"]
[EventRounds "9"]
[EventCountry "RUS"]
[SourceTitle "EXT 2014"]
[Source "ChessBase"]
[SourceDate "2013.11.20"]
[SourceVersion "1"]
[SourceVersionDate "2013.11.20"]
[SourceQuality "1"]

1. e4 c5 2. c3 d5 3. exd5 Qxd5 4. d4 g6 5. Nf3 Bg7 6. Na3 a6 7. Be3 cxd4 8. Bc4 Qa5 9. Bxd4 Nf6 10. 0-0 0-0 11. Re1 Nc6 12. Nc2 Bg4 13. h3 Bxf3 14. Qxf3 e5 15. b4 Qc7 16. Bc5 Rfe8 17. Qe3 b5 18. Bb3 Nd7 19. a4 Nxc5 20. bxc5 Na5 21. Bd5 Rad8 22. Nb4 Nc4 23. Bxc4 bxc4 24. Nxa6 Qa5 25. Nb4 Rc8 26. c6 Bf8 27. Reb1 Rb8 28. Qe4 Bxb4 29. c7 Qxc7 30. cxb4 Red8 31. b5 c3 32. Rc1 Rd4 33. Qf3 Rc4 34. Ra3 c2 35. Ra2 Rd8 36. a5 Rd1+ 37. Rxd1 cxd1Q+ 38. Qxd1 Rc1 39. Qxc1 Qxc1+ 40. Kh2 Qc4 41. Rb2 Qc3 42. Ra2 Qb3 43. Ra1 Qb2 0-1

[Event "Kemerovo Region-ch"]
[Site "Kemerovo"]
[Date "2013.10.19"]
[Round "3"]
[White "Smagina, Sofya"]
[Black "Kosheparova, Tatiana"]
[Result "1-0"]
[WhiteElo "1752"]
[BlackElo "1891"]
[PlyCount "91"]
[EventDate "2013.10.18"]
[EventType "swiss"]
[EventRounds "9"]
[EventCountry "RUS"]
[SourceTitle "EXT 2014"]
[Source "ChessBase"]
[SourceDate "2013.11.20"]
[SourceVersion "1"]
[SourceVersionDate "2013.11.20"]
[SourceQuality "1"]

1. Nf3 d5 2. d4 c6 3. g3 e6 4. Bg2 f5 5. Bf4 Nf6 6. 0-0 Be7 7. c4 0-0 8. c5 b6 9. cxb6 axb6 10. Nc3 Nbd7 11. a3 Ne4 12. Rc1 c5 13. dxc5 bxc5 14. Nxd5 Ra6 15. Nxe7+ Qxe7 16. Qc2 Nd6 17. Bxd6 Qxd6 18. Rfd1 Qe7 19. e3 Bb7 20. Qd3 Nb6 21. Qd6 Qf6 22. Qe5 Qf7 23. Ng5 Qe7 24. Qxe6+ Qxe6 25. Nxe6 Bxg2 26. Nxf8 Bf3 27. Rd8 Kf7 28. Nxh7 Kg6 29. Nf8+ Kf7 30. Nd7 Ke7 31. Nxc5 Kxd8 32. Nxa6 g5 33. Nc5 g4 34. a4 Nd5 35. a5 Kc7 36. b4 Kb8 37. b5 Nc7 38. b6 Na8 39. Rc2 Kc8 40. e4 Kb8 41. Rd2 Nxb6 42. axb6 Kc8 43. b7+ Kc7 44. Rd7+ Kb8 45. Na6+ Ka7 46. b8Q+ 1-0

[Event "Kemerovo Region-ch"]
[Site "Kemerovo"]
[Date "2013.10.18"]
[Round "1"]
[White "Mikhailov, Vladimir"]
[Black "Kosheparova, Tatiana"]
[Result "1-0"]
[WhiteElo "2307"]
[BlackElo "1891"]
[PlyCount "97"]
[EventDate "2013.10.18"]
[EventType "swiss"]
[EventRounds "9"]
[EventCountry "RUS"]
[SourceTitle "EXT 2014"]
[Source "ChessBase"]
[SourceDate "2013.11.20"]
[SourceVersion "1"]
[SourceVersionDate "2013.11.20"]
[SourceQuality "1"]

1. d4 d5 2. Nf3 e6 3. c4 c6 4. g3 dxc4 5. Bg2 h6 6. 0-0 Nf6 7. Ne5 Be7 8. Nxc4 0-0 9. e4 b5 10. Ne5 Bb7 11. Be3 c5 12. dxc5 Bxe4 13. Nc3 Bxg2 14. Kxg2 b4 15. Nb5 Qa5 16. Nd6 Nd5 17. Qf3 Qc7 18. Rac1 Nc6 19. Nec4 Rab8 20. Rfd1 b3 21. a3 f5 22. Rxd5 exd5 23. Qxd5+ Kh8 24. Nf7+ Kh7 25. Bf4 Qb7 26. Bxb8 Rxb8 27. Qxf5+ Kg8 28. Qd5 Kh7 29. Nfd6 Qd7 30. Re1 Bf6 31. Qe6 Qxe6 32. Rxe6 Bd4 33. Nf5 Rc8 34. Rxc6 Rxc6 35. Nxd4 Rxc5 36. Nd2 Rc7 37. N2xb3 Rb7 38. Kf3 Kg6 39. Ke3 Kf6 40. Kd3 a5 41. Kc3 Rc7+ 42. Kd2 Rd7 43. a4 Ke5 44. Ke3 Rc7 45. Kd3 Rd7 46. Kc4 Rd5 47. f4+ Kd6 48. Nb5+ Ke6 49. N3d4+ 1-0

[Event "Novokuznetsk-ch (Women)"]
[Site "Novokuznetsk"]
[Date "2013.09.22"]
[Round "7"]
[White "Kosheparova, Tatiana"]
[Black "Kuznetsova, Luba"]
[Result "1-0"]
[WhiteElo "1862"]
[BlackElo "2058"]
[PlyCount "77"]
[EventDate "2013.09.01"]
[EventType "swiss"]
[EventRounds "7"]
[EventCountry "RUS"]
[SourceTitle "EXT 2022"]
[Source "ChessBase"]
[SourceDate "2021.10.06"]
[SourceVersion "1"]
[SourceVersionDate "2021.10.06"]
[SourceQuality "1"]

1. e4 c6 2. d4 g6 3. Nc3 Bg7 4. f4 d6 5. Nf3 Nf6 6. Bd3 b5 7. Qe2 b4 8. Nd1 0-0 9. h4 Qa5 10. Bd2 Qb6 11. Nf2 Ng4 12. e5 Nxf2 13. Qxf2 Nd7 14. h5 Rd8 15. hxg6 hxg6 16. Qh4 Ba6 17. Bxa6 Qxa6 18. Qxe7 Nf8 19. Qh4 c5 20. f5 dxe5 21. Bh6 f6 22. Bxg7 Kxg7 23. Qh6+ Kf7 24. fxg6+ Ke6 25. dxe5 Qc4 26. g7 Nd7 27. Qh3+ Kf7 28. Qf5 Ke7 29. Rh7 Rg8 30. Rd1 Qe6 31. Qxe6+ Kxe6 32. Rd6+ Ke7 33. Rd5 Ke6 34. Rd6+ Ke7 35. Rc6 fxe5 36. Ng5 Ke8 37. Rh8 Nf6 38. Rxf6 Kd7 39. Rf8 1-0